000 00406ntaaa2200169 4500
003 01
005 20251027202639.0
008 0714s1973 ag 01
040 _aAR-BaBN
_bspa
_cAR-BaBN
_eaacr
_dRIC
082 _a372.4000 M45
100 _aMazzanti, José
_925908
245 _aAlegría
250 _a1 ed.
260 _aBuenos Aires :
_bEditorial Moly and Lassere,
_cn.f.
300 _a137 p
942 _cBK
999 _c21647
_d21647